Arthur : king of the Britons / [directed by ... Read More
Available copies
- 1 of 1 copy available at LARL/NWRL Consortium.
Current holds
0 current holds with 1 total copy.
Show All Copies
| Location | Call Number / Copy Notes | Barcode | Shelving Location | Status | Due Date |
|---|---|---|---|---|---|
| Grygla LINK Site | DVD ART (Text) | 35500005550130 | Main | Available | - |
Record details
- Physical Description: 1 videodisc (50 min.) : sound, color ; 4 3/4 in.
- Publisher: London : BBC, [2017]
Content descriptions
| General Note: | Title from web page. Originally released as a motion picture in 2002. Widescreen. Special features: The mystery of King arthur and his round table. |
| Participant or Performer Note: | Narrated by Richard Harris. |
| Summary, etc.: | The legend of King Arthur is one of the most ... Read More |
| System Details Note: | DVD; Widescreen presentation. |
Search for related items by subject
| Genre: | Feature films. Drama. Feature films. |
| LDR | 02527cgm a2200589Ki 4500 | ||
|---|---|---|---|
| 001 | 246828 | ||
| 003 | LARL_NWRL_CONSORTIUM | ||
| 005 | 20170328121827.0 | ||
| 007 | vd cvaizq | ||
| 008 | 170213p20172002enk050 vleng d | ||
| 040 | . | ‡aTEFMT ‡beng ‡erda ‡cTEFMT ‡dOCLCO ‡dTEF ‡dOCLCF ‡dNRG | |
| 024 | 1 | . | ‡a883929578290 |
| 028 | 4 | 2. | ‡a1000638420 ‡bBBC |
| 035 | . | ‡a(OCoLC)972351196 | |
| 037 | . | ‡bMidwest Tape ‡nhttp://www.midwesttapes.com | |
| 043 | . | ‡ae-uk-en ‡ae-uk--- | |
| 082 | 0 | 4. | ‡a791.43/72 ‡223 |
| 049 | . | ‡aNRGA | |
| 245 | 0 | 0. | ‡aArthur : ‡bking of the Britons / ‡c[directed by Jean-Claude Bragard]. |
| 264 | 1. | ‡aLondon : ‡bBBC, ‡c[2017] | |
| 300 | . | ‡a1 videodisc (50 min.) : ‡bsound, color ; ‡c4 3/4 in. | |
| 336 | . | ‡atwo-dimensional moving image ‡btdi ‡2rdacontent | |
| 337 | . | ‡avideo ‡bv ‡2rdamedia | |
| 338 | . | ‡avideodisc ‡bvd ‡2rdacarrier | |
| 344 | . | ‡adigital ‡boptical ‡2rda | |
| 347 | . | ‡avideo file ‡bDVD video ‡2rda | |
| 380 | . | ‡aMotion picture | |
| 538 | . | ‡aDVD; Widescreen presentation. | |
| 500 | . | ‡aTitle from web page. | |
| 511 | 0 | . | ‡aNarrated by Richard Harris. |
| 500 | . | ‡aOriginally released as a motion picture in 2002. | |
| 500 | . | ‡aWidescreen. | |
| 520 | . | ‡aThe legend of King Arthur is one of the most evocative stories in British mythology. We think of the romantic King, with his beautiful wife Guinivere by his side and the trusty sword Excalibur in his hand. The truth, we discover, is very different. The story was written in the medieval period but it was set hundreds of years earlier, in the Dark Ages. | |
| 500 | . | ‡aSpecial features: The mystery of King arthur and his round table. | |
| 600 | 0 | 0. | ‡aArthur, ‡cKing ‡vDrama. |
| 650 | 0. | ‡aKnights and knighthood ‡zEngland ‡vDrama. | |
| 650 | 0. | ‡aBritons ‡xKings and rulers ‡vDrama. ‡0(LARL_NWRL_CONSORTIUM)163772 | |
| 651 | 0. | ‡aGreat Britain ‡xAntiquities, Celtic ‡vDrama. | |
| 600 | 0 | 7. | ‡aArthur, ‡cKing. ‡2fast ‡0(LARL_NWRL_CONSORTIUM)2418 |
| 650 | 7. | ‡aBritons ‡xKings and rulers. ‡2fast | |
| 650 | 7. | ‡aCeltic antiquities. ‡2fast ‡0(LARL_NWRL_CONSORTIUM)160175 | |
| 650 | 7. | ‡2fast ‡aKnights and knighthood ‡0(LARL_NWRL_CONSORTIUM)24080 | |
| 651 | 7. | ‡aEngland. ‡2fast ‡0(LARL_NWRL_CONSORTIUM)178134 | |
| 651 | 7. | ‡aGreat Britain. ‡2fast ‡0(LARL_NWRL_CONSORTIUM)178320 | |
| 655 | 7. | ‡aFeature films. ‡2lcgft ‡0(LARL_NWRL_CONSORTIUM)175625 | |
| 655 | 7. | ‡aDrama. ‡2fast | |
| 655 | 7. | ‡aFeature films. ‡2fast ‡0(LARL_NWRL_CONSORTIUM)175625 | |
| 700 | 1 | . | ‡aBragard, Jean-Claude, ‡efilm director. |
| 700 | 1 | . | ‡aHarris, Richard, ‡d1930-2002, ‡enarrator. ‡0(LARL_NWRL_CONSORTIUM)99636 |
| 710 | 2 | . | ‡aBritish Broadcasting Corporation, ‡epublisher. ‡0(LARL_NWRL_CONSORTIUM)2817 |
| 905 | . | ‡ubacont | |
| 901 | . | ‡a246828 ‡b ‡c246828 ‡tbiblio ‡soclc | |

Add to basket
Permalink
Disable Highlighting